PHARMACOGNOSY - IV (SEM- V) (Record no. 5881)

MARC details
000 -LEADER
fixed length control field 00395nam a22001577a 4500
005 - DATE AND TIME OF LATEST TRANSACTION
control field 20190528123609.0
008 - FIXED-LENGTH DATA ELEMENTS--GENERAL INFORMATION
fixed length control field 190528b xxu||||| |||| 00| 0 eng d
020 ## - INTERNATIONAL STANDARD BOOK NUMBER
ISBN 978-93-83073-17-7
041 ## - LANGUAGE CODE
Language code of text/sound track or separate title eng
100 ## - MAIN ENTRY--AUTHOR NAME
Personal name GOKHALE , S.B. AND OTHERS
245 ## - TITLE STATEMENT
Title PHARMACOGNOSY - IV (SEM- V)
250 ## - EDITION STATEMENT
Edition statement 2 nd, Ed.2017
260 ## - PUBLICATION, DISTRIBUTION, ETC. (IMPRINT)
Place of publication PUNE
Name of publisher NIRALI PRAKASHAN
300 ## - PHYSICAL DESCRIPTION
Number of Pages 1.6p,
942 ## - ADDED ENTRY ELEMENTS (KOHA)
Koha item type Books

No items available.